[Event "AUTO-OPEN-883"]
[Site "http://www.queenalice.com/game.php?id=295446"]
[Date "2007.10.30"]
[Round "1"]
[White "omermn"]
[Black "MarceloSantos"]
[Result "1-0"]
[WhiteElo "1735"]
[BlackElo "1766"]

1. e4 e5 2. Nf3 d6 3. d4 exd4 4. Nxd4 g6 5. Bc4 Bg7 6. Nf3 Bg4 7. Qd5 Be6 8.
Qb5+ Bd7 9. Qxb7 Bc6 10. Bb5 Bxb5 11. Qxb5+ c6 12. Qb7 Nd7 13. O-O Ngf6 14. Qxc6
O-O 15. Nc3 Ne5 16. Nxe5 dxe5 17. Bg5 Rb8 18. Bxf6 Bxf6 19. Nd5 Kg7 20. b4 Rc8
21. Qa4 Rc4 22. f3 Qc8 23. c3 Rxc3 24. Nxc3 Qxc3 25. Rab1 Bg5 26. Qb3 Qd4+ 27.
Kh1 Be7 28. b5 Rb8 29. a4 Bc5 30. Qd5 Bb6 31. g3 h5 32. Rfd1 Qf2 33. Qxe5+ Kh7
34. Rf1 Qe3 35. Qxb8 Qa3 36. Ra1 Qe3 37. h4 Bd4 38. Rad1 g5 39. hxg5 Bg7 40. Qf4
Qb3 41. Qf5+ Kg8 42. Rd8+ Bf8 43. g6 Qc4 44. gxf7+ Qxf7 45. Qxf7+ Kxf7 46. Rd7+
Ke8 47. Rxa7 Bd6 48. Rc1 Be7 49. b6 h4 50. b7 Bd6 51. b8=Q+ Bxb8 52. Rc8# 1-0

[Event "AUTO-OPEN-883"]
[Site "http://www.queenalice.com/game.php?id=295447"]
[Date "2007.10.30"]
[Round "1"]
[White "MarceloSantos"]
[Black "omermn"]
[Result "0-1"]
[WhiteElo "1671"]
[BlackElo "1770"]

1. e4 e5 2. Bc4 Nc6 3. Nf3 Nf6 4. Ng5 d5 5. exd5 Nxd5 6. Bxd5 Qxd5 7. O-O h6 8.
Nf3 Bg4 9. Nc3 Qe6 10. Nb5 O-O-O 11. d3 a6 12. Nc3 Nd4 13. Re1 Nxf3+ 14. gxf3
Bh3 15. Ne4 Qg6+ 16. Ng3 Bd6 17. Re4 Bf5 18. Rc4 e4 19. fxe4 Be6 20. Rc3 Be5 21.
Ra3 h5 22. Ra5 Bg4 23. Qd2 f6 24. Qe3 Bd4 25. Qf4 h4 26. Nf5 Bxf5+ 27. Kf1 Bh3+
28. Ke2 Bg4+ 29. f3 Bd7 30. Bd2 Qg2+ 31. Kd1 Qg1+ 32. Be1 Bxb2 33. Rb1 Bc3 34.
Ke2 Bxa5 35. Bxa5 Qg2+ 36. Kd1 b6 37. Rxb6 Qg1+ 38. Kd2 cxb6 39. Bb4 Ba4 40.
Qf5+ Rd7 41. Qe6 Qf2+ 42. Kd1 Qxc2+ 43. Ke1 Qb1+ 44. Ke2 Qxb4 45. a3 Qd6 46.
Qc4+ Bc6 47. Qxa6+ Bb7 48. Qc4+ Kb8 49. a4 Rhd8 50. d4 Qxd4 51. Qxd4 Rxd4 52.
Ke3 g5 53. f4 Rxe4+ 54. Kf2 Rd3 55. fxg5 Ree3 56. g6 Bf3 57. g7 Re2+ 58. Kf1
Rd1# 0-1

[Event "AUTO-OPEN-883"]
[Site "http://www.queenalice.com/game.php?id=295470"]
[Date "2007.10.30"]
[Round "1"]
[White "MarceloSantos"]
[Black "Vampyr"]
[Result "0-1"]
[WhiteElo "1730"]
[BlackElo "2162"]

1. e4 c5 2. Nc3 Nc6 3. d3 g6 4. g3 Bg7 5. Bd2 d6 6. Bg2 e6 7. Nf3 Nge7 8. O-O
O-O 9. Qc1 f5 10. Bh6 e5 11. Bxg7 Kxg7 12. exf5 Bxf5 13. Qg5 h6 14. Qe3 Nd4 15.
Nxd4 cxd4 16. Qd2 dxc3 17. Qxc3 Rc8 18. Qd2 Qc7 19. c3 a6 20. h4 d5 21. d4 e4
22. f3 exf3 23. Rxf3 Be4 24. Rf4 Rxf4 25. gxf4 Bxg2 26. Qxg2 Qxf4 27. Rf1 Qe3+
28. Kh1 Rf8 29. Rxf8 Kxf8 30. Qh2 Qe1+ 31. Kg2 Qe2+ 32. Kh3 Qxh2+ 33. Kxh2 Kf7
34. Kg3 Kf6 35. Kf4 Nf5 36. Kg4 Ne3+ 37. Kg3 Nd1 38. b4 Nxc3 39. a3 Ne2+ 40. Kg4
Nxd4 0-1

[Event "AUTO-OPEN-883"]
[Site "http://www.queenalice.com/game.php?id=295471"]
[Date "2007.10.30"]
[Round "1"]
[White "Vampyr"]
[Black "MarceloSantos"]
[Result "1-0"]
[WhiteElo "2117"]
[BlackElo "1732"]

1. e4 e5 2. Nf3 d6 3. d4 exd4 4. Nxd4 Nf6 5. Nc3 Be7 6. Be2 O-O 7. Be3 a6 8. g4
g6 9. h4 b6 10. h5 c5 11. Nb3 Nc6 12. hxg6 fxg6 13. g5 Ne8 14. Qd5+ Rf7 15. Qxc6
Be6 16. Nd5 Bxd5 17. Qxd5 Nc7 18. Qd2 Ne6 19. Bc4 Bxg5 20. Bxe6 Bxe3 21. Bxf7+
Kxf7 22. Qxe3 Qf6 23. Rxh7+ Kg8 24. Qh3 Rf8 25. O-O-O Qxf2 26. Rh8+ Kf7 27.
Rxf8+ Kxf8 28. Rf1 Qxf1+ 29. Qxf1+ Ke7 30. Qxa6 Kf6 31. Qxb6 g5 32. Qxd6+ Kg7
33. a4 c4 34. a5 g4 35. a6 g3 36. Qxg3+ Kf6 37. a7 cxb3 38. a8=Q Kf7 39. Qd6
bxc2 40. Qb7+ Ke8 41. Qde7# 1-0

[Event "AUTO-OPEN-883"]
[Site "http://www.queenalice.com/game.php?id=295472"]
[Date "2007.10.30"]
[Round "1"]
[White "MarceloSantos"]
[Black "kane"]
[Result "1-0"]
[WhiteElo "1734"]
[BlackElo "1493"]

1. e4 e5 2. Nc3 Bc5 3. Bc4 Nh6 4. d3 Qf6 5. Nh3 d6 6. Bxh6 Bxh3 7. Be3 Bxg2 8.
Nd5 Qd8 9. Rg1 Bxe3 10. Nxe3 Bh3 11. Rxg7 Qf6 12. Rxf7 Qh4 13. Qf3 Nd7 14. Nd5
O-O-O 15. Qe3 b6 16. Bb5 Rhg8 17. Ne7+ Kb8 18. O-O-O Rge8 19. Nc6+ Kc8 20. Nxd8
Kxd8 21. a4 Qh5 22. Bxd7 Bxd7 23. Rg7 Qxh2 24. Qg5+ Kc8 25. b3 Qxf2 26. Rxh7 Qf3
27. Rdh1 Bg4 28. Qg7 Qe3+ 29. Kb1 Qc5 30. Qxg4+ Kb7 31. Qd7 Qc6 32. Qxc6+ Kxc6
33. Rf1 a5 34. Rff7 Rc8 35. Kb2 Kb7 36. Rd7 Kc6 37. c4 1-0

[Event "AUTO-OPEN-883"]
[Site "http://www.queenalice.com/game.php?id=295473"]
[Date "2007.10.30"]
[Round "1"]
[White "kane"]
[Black "MarceloSantos"]
[Result "0-1"]
[WhiteElo "1484"]
[BlackElo "1500"]

1. e4 e5 2. Nf3 d6 3. b3 a6 4. Bd3 Nf6 5. Bc4 h6 6. Nc3 b5 7. Bf1 Bb7 8. d3 Be7
9. g3 O-O 10. Bh3 Nc6 11. O-O Bc8 12. Bxc8 Qxc8 13. Kg2 Nh5 14. Nxe5 Nxe5 15.
Qxh5 Ng4 16. Nd5 Bf6 17. Nxf6+ Nxf6 18. Qe2 Re8 19. Re1 Nh7 20. Bb2 Ng5 21. Qd2
Qh3+ 22. Kh1 Nf3 23. Qc3 Qxh2# 0-1

[Event "Challenge"]
[Site "http://www.queenalice.com/game.php?id=296019"]
[Date "2007.10.31"]
[Round "-"]
[White "dida"]
[Black "MarceloSantos"]
[Result "0-1"]
[WhiteElo "1459"]
[BlackElo "1692"]

1. e4 e5 2. Nf3 d6 3. Nc3 a6 4. d4 exd4 5. Qxd4 Nc6 6. Qd5 Nf6 7. Qd1 g6 8. Bc4
Be7 9. Ng5 O-O 10. Nxf7 Rxf7 11. Bxf7+ Kxf7 12. Nd5 Nxd5 13. Qxd5+ Be6 14. Qd3
Ne5 15. Qg3 Bf6 16. Be3 Nc4 17. b3 Bxa1 18. bxc4 Qf6 19. O-O Be5 20. Qf3 Qxf3
21. Bh6 Qh5 22. g3 Qxh6 23. f4 Bxc4 24. Re1 Bd4+ 25. Kg2 Re8 26. Kf3 Qxh2 27. a4
Qf2+ 0-1

[Event "Challenge"]
[Site "http://www.queenalice.com/game.php?id=296515"]
[Date "2007.11.1"]
[Round "-"]
[White "ane"]
[Black "MarceloSantos"]
[Result "0-1"]
[WhiteElo "1033"]
[BlackElo "1692"]

1. d4 d5 2. Nf3 e6 3. Nc3 Nf6 4. g3 a6 5. Bh3 Bd6 6. Ng5 O-O 7. b3 Nc6 8. Be3 h6
9. Nf3 Re8 10. Bg4 Nxg4 11. Bd2 Nf6 12. Rg1 e5 13. dxe5 Nxe5 14. Nxe5 Bxe5 15.
f4 Bxc3 16. Bxc3 Ng4 17. h3 Ne3 18. Qd2 Bf5 19. Rd1 Nxc2+ 20. Kf1 Ne3+ 21. Kf2
Nxd1+ 22. Qxd1 Bxh3 23. Re1 c6 24. e3 Qd7 25. e4 Be6 26. e5 b5 27. Kg1 a5 28. a3
a4 29. b4 d4 30. Bxd4 Bd5 31. Bf2 Qh3 32. Be3 Qg2# 0-1

[Event "Challenge"]
[Site "http://www.queenalice.com/game.php?id=312646"]
[Date "2007.11.29"]
[Round "-"]
[White "MarceloSantos"]
[Black "SueliFigueira"]
[Result "1-0"]
[WhiteElo "1671"]
[BlackElo "1216"]

1. e4 e5 2. Nf3 d6 3. g3 Nf6 4. Nc3 h5 5. d3 c5 6. Bg2 Qa5 7. O-O h4 8. Nxh4 Ng4
9. h3 b5 10. hxg4 b4 11. Nd5 Rh6 12. Bd2 Re6 13. a3 Be7 14. axb4 Qb5 15. Nc7+
Kd7 16. Nxb5 Nc6 17. bxc5 a6 18. Nxd6 Bb7 19. Nxb7 g5 20. Nf5 Bf8 21. Bxg5 f6
22. Bh6 Bxh6 23. Nxh6 Ra7 24. Nd6 a5 25. Bh3 a4 26. g5 Ke7 27. Bxe6 Kxe6 28.
Qg4+ f5 29. Qxf5+ Ke7 30. Ng8+ Kd8 31. Qc8# 1-0

[Event "AUTO-ADV-740"]
[Site "http://www.queenalice.com/game.php?id=319584"]
[Date "2007.12.13"]
[Round "1"]
[White "MarceloSantos"]
[Black "lobo"]
[Result "0-1"]
[WhiteElo "1730"]
[BlackElo "1768"]

1. e4 d5 2. exd5 Qxd5 3. Nf3 Nf6 4. Nc3 Qd8 5. g3 a6 6. b3 Nc6 7. Bg2 Bf5 8. O-O
e5 9. Re1 e4 10. Ng5 Bg4 0-1

[Event "AUTO-ADV-740"]
[Site "http://www.queenalice.com/game.php?id=319585"]
[Date "2007.12.13"]
[Round "1"]
[White "lobo"]
[Black "MarceloSantos"]
[Result "1-0"]
[WhiteElo "1782"]
[BlackElo "1697"]

1. d4 d5 2. Nc3 e6 3. Bf4 a6 4. Nf3 g6 5. e3 Nf6 6. Be5 Bg7 7. g3 O-O 8. h3 Nc6
9. Bf4 Re8 10. g4 Ne4 11. Nxe4 1-0

[Event "AUTO-ADV-740"]
[Site "http://www.queenalice.com/game.php?id=319586"]
[Date "2007.12.13"]
[Round "1"]
[White "MarceloSantos"]
[Black "vindaloo"]
[Result "0-1"]
[WhiteElo "1562"]
[BlackElo "1873"]

1. e4 e6 2. d4 d5 3. e5 c5 4. dxc5 Bxc5 5. Nf3 Qb6 6. Qd2 Nh6 7. h3 Nc6 8. Bd3
d4 9. O-O O-O 10. Ng5 Nf5 11. Ne4 Bb4 12. c3 dxc3 13. bxc3 Be7 14. Na3 Nxe5 15.
Nc4 Nxc4 16. Bxc4 Rd8 17. Qf4 Bh4 18. Be3 Nxe3 19. fxe3 Bf6 0-1

[Event "AUTO-ADV-740"]
[Site "http://www.queenalice.com/game.php?id=319587"]
[Date "2007.12.13"]
[Round "1"]
[White "vindaloo"]
[Black "MarceloSantos"]
[Result "1-0"]
[WhiteElo "1869"]
[BlackElo "1567"]

1. e4 e5 2. Nf3 d6 3. Nc3 a6 4. Bc4 h6 5. d4 exd4 6. Nxd4 Nf6 7. O-O Be7 8. h3
O-O 9. Nf5 Bxf5 10. exf5 Nc6 11. Be3 Re8 12. g4 Ne5 13. Be2 c6 14. f4 Nexg4 15.
hxg4 h5 16. gxh5 Nh7 17. Bg4 f6 18. Qf3 d5 19. Ne2 Bd6 20. Nd4 1-0